=LDR 00000nam 2200000 4500 =001 $a INLIS000000000008539 =005 $a 20260629110754 =008 $a 260629###########################0#ind## =022 ##$$a - =035 ##$$a 0010-0626000166 =082 ##$$a 305.3 =084 ##$$a 305.3 KEM m =110 #$$a Kementerian Pemberdayaan Perempuan dan Perlindungan Anak =245 ##$$a Modul Pendidikan Kesetraan Gender untuk Ayah-Ibu $b - $c Kementerian Pemberdayaan Perempuan dan Perlindungan Anak =247 ##$$a =260 ##$$a Jakarta $b Rifka Annisa $c 2016 =300 ##$$a vii, 330 halaman $b - $c 25 cm $e - =310 ##$$a =321 ##$$a =520 #$$a =650 #$$a kesertaan gender =700 #$$a =856 ##$$a Perpustakaan kemendukbangga =Wor $a 1